A decisão do campeonato (Record no. 184899)

MARC details
000 -LÍDER
campo de controle de tamanho fixo 00366 a2200169 4500
001 - NÚMERO DE CONTROLE
campo de controle 184899
020 ## - ISBN - INTERNATIONAL STANDARD BOOK NUMBER
ISBN - International Standard Book Number 85-322-5213-3
040 ## - FONTE DA CATALOGAÇÃO
Instituição que transcreveu o registro Magnum
100 ## - ENTRADA PRINCIPAL--NOME PESSOAL
Nome pessoal Rocha, Ruth
240 10 - TÍTULO UNIFORME
Título uniforme A decisão do campeonato
Idioma da obra por
245 10 - TÍTULO
Título A decisão do campeonato
300 ## - DESCRIÇÃO FÍSICA
Extensão 31
362 0# - DATAS DE PUBLICAÇÃO E/OU DESIGNAÇÃO SEQUENCIAL
Datas de publicação e/ou designação sequencial 2005
440 #1 - DECLARAÇÃO DE SÉRIE/ENTRADA ADICIONADA--TÍTULO
Título FTD
697 ## - ENTRADA DE ASSUNTO LOCAL--ENTIDADE COLETIVA (RLIN)
Nome corporativo ou nome da jurisdição LITERATURA INFANTO-JUVENIL
942 ## - ELEMENTOS DE ENTRADA ADICIONADOS (KOHA)
Tipo de material Koha Livros
Holdings
Situação do descarte Situação das perdas Situação física Não pode ser emprestado Biblioteca de origem Biblioteca atual Data de aquisição Total de empréstimos Número de chamada completo Código de barras Data de último acesso Data do preço efetivo Tipo de material Koha
        Magnum Magnum 08/06/2024   869.2.290 MAG00046449 08/06/2024 08/06/2024 Livros
        Magnum Magnum 08/06/2024   869.2.290 MAG00046450 08/06/2024 08/06/2024 Livros
        Magnum Magnum 08/06/2024   869.2.290 MAG00046451 08/06/2024 08/06/2024 Livros
        Magnum Magnum 08/06/2024   869.2.290 MAG00046452 08/06/2024 08/06/2024 Livros
        Magnum Magnum 08/06/2024   869.2.290 MAG00046453 08/06/2024 08/06/2024 Livros